Understanding weather : (Record no. 7430)

MARC details
000 -LEADER
fixed length control field 01265cam a2200349 a 4500
001 - CONTROL NUMBER
control field 13930020
003 - CONTROL NUMBER IDENTIFIER
control field OSt
005 - DATE AND TIME OF LATEST TRANSACTION
control field 20211110105136.0
008 - FIXED-LENGTH DATA ELEMENTS--GENERAL INFORMATION
fixed length control field 050414s2004 enkab b 001 0 eng
010 ## - LIBRARY OF CONGRESS CONTROL NUMBER
LC control number 2005273592
015 ## - NATIONAL BIBLIOGRAPHY NUMBER
National bibliography number GBA4Z6503
Source bnb
016 7# - NATIONAL BIBLIOGRAPHIC AGENCY CONTROL NUMBER
Record control number 010973592
Source Uk
020 ## - INTERNATIONAL STANDARD BOOK NUMBER
International Standard Book Number 0340806117 (pbk.)
035 ## - SYSTEM CONTROL NUMBER
System control number (OCoLC)ocm55587458
040 ## - CATALOGING SOURCE
Original cataloging agency UKM
Transcribing agency UKM
Modifying agency C#P
-- MUQ
-- OCLCQ
-- DLC
042 ## - AUTHENTICATION CODE
Authentication code lccopycat
050 00 - LIBRARY OF CONGRESS CALL NUMBER
Classification number QC861.3
Item number .M338 2004
082 04 - DEWEY DECIMAL CLASSIFICATION NUMBER
Classification number 551.63MAY 2004
100 1# - MAIN ENTRY--PERSONAL NAME
Personal name Mayes, Julian,
Dates associated with a name 1963-
9 (RLIN) 15214
245 10 - TITLE STATEMENT
Title Understanding weather :
Remainder of title a visual approach /
Statement of responsibility, etc. Julian Mayes, Karel Hughes.
260 ## - PUBLICATION, DISTRIBUTION, ETC. (IMPRINT)
Place of publication, distribution, etc. London :
Name of publisher, distributor, etc. Arnold ;
Place of publication, distribution, etc. New York :
Name of publisher, distributor, etc. Distributed in the U.S.A. by Oxford University Press,
Date of publication, distribution, etc. 2004.
300 ## - PHYSICAL DESCRIPTION
Extent xiv, 188 p. :
Other physical details ill., maps ;
Dimensions 25 cm.
504 ## - BIBLIOGRAPHY, ETC. NOTE
Bibliography, etc Includes bibliographical references and index.
650 #0 - SUBJECT ADDED ENTRY--TOPICAL TERM
Topical term or geographic name as entry element Weather.
9 (RLIN) 15215
650 #0 - SUBJECT ADDED ENTRY--TOPICAL TERM
Topical term or geographic name as entry element Climatology.
9 (RLIN) 15216
650 #6 - SUBJECT ADDED ENTRY--TOPICAL TERM
Topical term or geographic name as entry element Temps (Météorologie)
9 (RLIN) 15217
700 1# - ADDED ENTRY--PERSONAL NAME
Personal name Hughes, Karel.
9 (RLIN) 15218
856 42 - ELECTRONIC LOCATION AND ACCESS
Materials specified Publisher description
Uniform Resource Identifier http://www.loc.gov/catdir/enhancements/fy0626/2005273592-d.html
906 ## - LOCAL DATA ELEMENT F, LDF (RLIN)
a 7
b cbc
c copycat
d 2
e ncip
f 20
g y-gencatlg
942 ## - ADDED ENTRY ELEMENTS (KOHA)
Source of classification or shelving scheme Dewey Decimal Classification
Koha item type Open Shelf
Holdings
Withdrawn status Lost status Source of classification or shelving scheme Damaged status Not for loan Home library Current library Date acquired Inventory number Total Checkouts Full call number Barcode Date last seen Price effective from Koha item type Source of acquisition
    Dewey Decimal Classification     MUST Main Library MUST Main Library 10/11/2021 06/26062   551.63MAY 2004 2021-1626 10/11/2021 10/11/2021 Open Shelf  
    Dewey Decimal Classification     MUST Main Library MUST Main Library 15/11/2021 06/26063   551.63MAY 2004 2021-1678 15/11/2021 15/11/2021 Open Shelf Donation